Antistatická úprava předmětů z PMMA

Bibliographic Details
Main Author: Havlíček, Svatopluk (Author)
Format: Article
Language:Czech
ISBN:8022714054
Subjects:

MARC

LEADER 00000naa a2200000 a 4500
001 vtls011851888
003 SK-MaSNL
005 20260302134410.0
008 220810|2000 xo |||||||||||||||||cze|
015 |a SNBCL 
035 |a (urnnbn)urn:nbn:sk:snk:ar-a0auug 
035 |a urn:nbn:sk:snk-aaw6pb 
035 |a (uuid)635ae5e6-c423-480c-9acb-72ce85a389b9 
040 |a SNKBUCL  |b slo  |c SNKBUCL  |e AACR2 
041 |a cze 
044 |a xo  |c SK 
100 1 |a Havlíček, Svatopluk  |4 aut  |9 772978 
245 1 0 |a Antistatická úprava předmětů z PMMA  |c Svatopluk Havlíček 
655 7 |a články zo zborníkov  |2 snkbucl  |9 166140 
773 0 |t DISEE 2000 Dielektrické a izolačné systémy v elektrotechnike a energetike  |d Bratislava : [Slovenská technická univerzita], 2000  |g S. 163-166  |z 8022714054 
954 |a odborná, vedecká literatúra cudzojazyčná (svetová)  |2 lita 
958 |a OND 
958 |a article26 
958 |a chapter 
999 |c 1321621  |d 1323551